Toutes les communes desservies par le métro parisien - Statistiques

Statistiques générales
  • Ce quiz a été pris 123 fois
  • Le résultat moyen est 25 sur 41
Statistiques - réponses
Ville Lignes % Correct
Paris toutes
95%
Saint-Denis 12 13 14
89%
Boulogne-Billancourt 9 10
87%
Créteil 8
85%
Vincennes 1
82%
Montreuil 9 11
81%
Aubervilliers 7 12
80%
Saint-Ouen 14
80%
Bobigny 5
79%
Ivry-sur-Seine 7
79%
Asnières-sur-Seine 13
77%
Issy-les-Moulineaux 12
76%
Montrouge 4 13
76%
Bagnolet 3
70%
Clichy 13
70%
Levallois-Perret 3
70%
Neuilly-sur-Seine 1
70%
Orly 14
70%
Les Lilas 11
68%
Pantin 5 7
68%
La Courneuve 7
65%
Puteaux 1
64%
Villejuif 7 14
64%
Bagneux 4
63%
Charenton-le-Pont 8
57%
Le Kremlin-Bicêtre 7 14
57%
Malakoff 13
56%
Maisons-Alfort 8
55%
Vanves 13
55%
Saint-Mandé 1
53%
Courbevoie 1
49%
Chatillon 13
48%
Gennevilliers 13
46%
Rosny-sous-Bois 11
46%
Romainville 11
43%
L'Haÿ-les-Roses 14
39%
Thiais 14
35%
Chevilly-Larue 14
31%
Noisy-le-Sec 11
29%
Gentilly 14
22%
Paray-Vieille-Poste 14
18%
Aucun quiz correspondant
Distribution des résultats
% des personnes avec chaque résultat
Percentile par nombre de réponses
Votre historique - résultats
Vous n’avez pas pris ce quiz